00773cam a2200229 i 4500001000500000005001700005020001800022040002300040050002400063082000800087100002000095245010400115260003400219300003900253490003500292505000800327520011300335521002000448521002000468650003500488700002000523103120231124100900.0 a9780590461214 aDLCcDLCdDLCbeng00aPZ7.A2615bCam 198000aFic1 aAdler, David A.10aCam Jansen and the mystery of the stolen diamonds /cDavid A. Adler ; illustrated by Susanna Natti. aNew York :bScholastic,c1980 a58 pages :billustrations ;c20 cm1 aCam Jansen adventure ;vBook 1 aN  aA fifth-grader with a photographic memory and her friend Eric help solve the mystery of the stolen diamonds. a590 bLexile  aN bRaz-Plus  1aMystery and detective stories.1 aNatti, Susanna.